LIBRARY & INFORMATION CENTRE, KCAET, TAVANUR

ONLINE PUBLIC ACCESS CATALOGUE (OPAC)

Poultry keeping in India / (Record no. 1479)

MARC details
000 -LEADER
fixed length control field 00432cam a2200169ua 4500
041 ## - LANGUAGE CODE
Language code of text/sound track or separate title eng
082 ## - DEWEY DECIMAL CLASSIFICATION NUMBER
Classification number 636.5
Item number NAI/PO
100 ## - MAIN ENTRY--AUTHOR NAME
Personal name Naidu, P.M.N .
245 ## - TITLE STATEMENT
Title Poultry keeping in India /
250 ## - EDITION STATEMENT
Edition statement 1 /
260 ## - PUBLICATION, DISTRIBUTION, ETC. (IMPRINT)
Place of publication Newdelhi :
Name of publisher Indian Council for Agricultural Research ,
Year of publication 1964.
300 ## - PHYSICAL DESCRIPTION
Number of Pages 253 ; .
942 ## - ADDED ENTRY ELEMENTS (KOHA)
Koha item type Books
Holdings
Withdrawn status Lost status Damaged status Home library Current library Date acquired Cost, normal purchase price Full call number Accession Number Koha item type
Withdrawn     KAUAET KAUAET 07/04/2012 10.75 636.5 7334 Books
Withdrawn     KAUAET KAUAET 07/04/2012 10.75 636.5 7332 Books
Withdrawn     KAUAET KAUAET 23/06/2020 10.75 636.5 NAI/PO 7333 Books
Withdrawn     KAUAET KAUAET 23/06/2020 10.75 636.5 NAI/PO 7335 Books
free website counter